000
00280nam a22001337a 4500
003
SGT
020
_a
9780600601043
082
_b
ESC
100
_a
ESCOFFIER, AUGUSTE
245
_a
ESCOFFIER'S MA CUISINE
260
_a
HAMLYN PUBLICATION
_c
2000
300
_a
884
942
_2
ddc
_c
BK
999
_c
16687
_d
16687